Branca de Neve Rosa de Sangue (Registo nº 202043)

Detalhes MARC
000 -Etiqueta do registo
Valores 00497nam 22001813 4500
021 ## - Número do Depósito Legal
Número 26333/89
100 ## - Dados gerais de processamento
Dados gerais 20260505d u||y0pory50 ba
200 ## - Titulo e menção de responsabilidade
Título próprio Branca de Neve Rosa de Sangue
Primeira menção de responsabilidade Ed McBain
210 ## - Publicação
Local de publicação Lisboa
Nome do editor Edições 70
Data de publicação 1989
215 ## - Descrição física 
Paginação / Volumes 237 p.
Outras indicações físicas brochado
Dimensões 23 cm
606 ## - Nome comum usado como assunto
ID Autoridade 16
Palavra de ordem Literatura Americana
675 ## - CDU
Notação 821.111(73)-3
Edição PT
Língua por
700 ## - Autor principal (pessoa individual)
ID Autoridade 649
Apelido McBain
Nome Ed
Datas 1926-2005
801 ## - Fonte de origem
País PT
Agência BMMN
Regras de catalogação RPC
830 ## - Notas gerais do catalogador
Criado por Fernando
Indexado por Fernando
990 ## - Elementos KOHA
Tipo de documento Livro
Exemplares
Situação do levantamento Biblioteca de origem Código de barras Cota Permissão de empréstimo Tipo de documento Forma de aquisição
  Biblioteca Municipal de Montemor-o-Novo 31456 821.111(73)-3 MAC|DEP   Livro Oferta

Powered by Koha